Analýza open source nástrojov na podporu testovania

Saved in:
Bibliographic Details
Main Author: Škrabák, Michal, 1985- (Author)
Other Authors: Krutek, Stanislav, 1980- (Thesis advisor)
Format: Manuscript Book
Language:Slovak
Published: Bratislava : STU v Bratislave FIIT, 2010
Subjects:
Online Access:VAIS
Tags: Add Tag
No Tags, Be the first to tag this record!

MARC

LEADER 00000ntm a22000003a 4500
001 stu218390
005 20150617230114.2
008 101203s2010----xo------------------slo-d
040 |a STU  |b slo 
041 0 |a slo 
044 |a xo 
100 1 |a Škrabák, Michal,  |d 1985-  |4 aut  |u I  |T FIIT Fakulta informatiky a informačných technológií  |X 17041  |U I  |Y 70  |7 A000017041 
242 0 0 |a Analyse of open source tools for testing application  |y eng 
245 1 |a Analýza open source nástrojov na podporu testovania 
260 |a Bratislava :  |b STU v Bratislave FIIT,  |c 2010 
300 |a 36 s 
650 7 |a informatika  |2 stusub 
650 7 |a Informatics  |2 estusub 
700 1 |a Krutek, Stanislav,  |d 1980-  |4 ths  |X 15162  |7 A000015162 
856 4 |a info a plný text  |u http://is.stuba.sk/zp/portal_zp.pl?podrobnosti=2963  |3 VAIS 
996 |c I*BAP154/10  |l II680  |s P  |a 0  |w stu218390_0001